000 00549nam a2200229Ia 4500
003 OSt
005 20220928140735.0
006 a|||||r|||| 00| 0
007 ta
008 220927b |||||||| |||| 00| 0 eng d
024 _a11483
037 _cTextual
040 _aSDCL
_cSDCL
_beng
041 _2eng
_aeng
082 _aB288, P4
100 _aDym Clive L
_9497376
245 0 _aprinciples of mathematical modeling.
250 _a2
260 _c2004
942 _hB288, P4
_cTEXL
_2CC
999 _c813913
_d813913